Tilastot visalle Sanat - "Musta aurinko nousee" - Juice Leskinen

Klikkaa tästä pelataksesi tätä visaa!

Yleistilastot

  • Tätä visaa on pelattu 245 kertaa
  • Keskiarvotulos 112 / 175

Vastaustilastot

Sanat% Oikein
aurinko
95%
musta
95%
nousee.
95%
nousee
95%
ja
91%
Ja
91%
sen:
86%
sinä
81%
että
80%
minä
80%
kun
79%
Kun
79%
aamuna
78%
ennen
78%
Katso
78%
huomaat
77%
jonakin
76%
kuin
76%
sarastusta
76%
hymyilet
75%
uuteen
75%
aamuun
73%
katsot
73%
minut
72%
noin.
72%
71%
minua,
71%
Viet
71%
ensimmäiseen
70%
kevään
70%
sateeseen.
70%
Rakasta
68%
rakastan
68%
se
68%
sinua.
68%
Ole
66%
vielä
66%
toisiaan.
65%
toiset
64%
Sinun
63%
tappaa
63%
Viivy
63%
viivy
63%
yö,
62%
62%
huomiseen.
61%
loiset
61%
on
61%
ei
60%
loisiaan.
60%
minulle
60%
Alla
59%
tulevaisuuteen.
59%
maailmaan.
58%
niin
58%
tähtivyö.
58%
ihminen,
57%
Näetkö
57%
tämäkin
57%
vaatteiden
57%
työ
56%
veristen
56%
kanssani
55%
luomiseen.
55%
maailman
55%
meidät
55%
Riisu
55%
riittää
55%
päästä
53%
vahva,
53%
voin.
52%
seuraavaan.
51%
kiinni
50%
ulos.
50%
vähäkin
50%
yltäni
50%
henki
48%
aika
47%
sieluusi
45%
viikkoon
45%
kanssasi
41%
nousen
39%
sotaa
38%
aurinkoiseen,
37%
julistain.
37%
hymyilen
36%
liehu
36%
liput
36%
Katse
35%
syö,
35%
Tätä
35%
aikaan
34%
hellimpään
34%
viime
34%
riemua
33%
uskon
33%
aseistaan.
32%
hellä
32%
riisuu
31%
nään.
30%
miehen
29%
toiseen:
29%
törmää
27%
kun sinut
19%

Tulosjakauma

Persentiili vastausten määrän mukaan

Jokaisen tuloksen saaneiden osuus

Tuloshistoriasi

Et ole pelannut tätä visaa